Statistics for Capital Cities Crazy Trivia

Click here to take the quiz!

General Stats

  • This quiz has been taken 41 times
  • The average score is 9 of 20

Answer Stats

Hint Answer % Correct
Highest Altitude CapitalLa Paz (Bolivia) 3640m (12,097ft)
83%
Capital City Closest to EquatorQuito (Ecuador)
83%
Capital Nearest South PoleWellington (New Zealand)
83%
Capital City of the Smallest CountryVatican City (Vatican) 0.44 sq Km
83%
Capital Nearest North PoleReykjavik (Iceland)
83%
Capital City of the Largest CountryMoscow (Russia) 17,075,200 sq Km
81%
Capital City Closest to 0 degrees LongitudeLondon (UK)
67%
Capital City with greatest PopulationBeijing (China) 20,693,000
67%
Capital City LAST AlphabeticallyZagreb (Croatia)
58%
Capital City Farthest East in AsiaTokyo (Japan)
44%
Capital City Farthest West in Africa MainlandDakar (Senegal)
36%
Capital City FIRST AlphabeticallyAbu Dhabi (UAE)
22%
Lowest Altitude CapitalBaku (Azerbaijan) 28m (92ft)
19%
Capital City with smallest PopulationNgerulmud (Palau) 391
17%
Capital City Closest to 180 degrees LongitudeSuva (Fiji)
17%
Capital City Farthest from the Ocean / SeaBishkek (Kyrgyzstan)
17%
Driest Capital City (Yearly Average)Lima (Peru)
6%
Capital City Closest to Tropic of CancerMuscat (Oman)
3%
Capital City Closest to Tropic of CapricornNuku'alofa (Tonga)
0%
Wettest Capital City (Yearly Average)Monrovia (Liberia)
0%

Score Distribution

Percentile by Number Answered

Percent of People with Each Score

Your Score History

You have not taken this quiz